000
00194nam a2200073Ia 4500
008
170817s9999 xx 000 0 und d
100
_a
GOPAL KRISHAN
245
0
_a
EDUCATIONAL OPPPRTUNITIES IN ABROAB
260
_b
KALPAZ EDUCATION
999
_c
37302
_d
37302